Jean-Claude Schmitt, ed., Ève et Pandora : la création de la première femme, Paris, Gallimard, 2002, 290 p., ill. (« Le temps des images ») (notice n° 1643368)
[ vue normale ]
| 000 -LEADER | |
|---|---|
| fixed length control field | 00564cam a2200145 4500500 |
| 005 - DATE AND TIME OF LATEST TRANSACTION | |
| control field | 20260201172344.0 |
| 041 ## - LANGUAGE CODE | |
| Language code of text/sound track or separate title | fre |
| 042 ## - AUTHENTICATION CODE | |
| Authentication code | dc |
| 100 10 - MAIN ENTRY--PERSONAL NAME | |
| Personal name | Kaplanian, Patrick |
| Relator term | author |
| 245 00 - TITLE STATEMENT | |
| Title | Jean-Claude Schmitt, ed., Ève et Pandora : la création de la première femme, Paris, Gallimard, 2002, 290 p., ill. (« Le temps des images ») |
| 260 ## - PUBLICATION, DISTRIBUTION, ETC. | |
| Date of publication, distribution, etc. | 2003.<br/> |
| 500 ## - GENERAL NOTE | |
| General note | 37 |
| 786 0# - DATA SOURCE ENTRY | |
| Note | L'Homme | 167-168 | 3 | 2003-11-01 | p. 319zc-399zc | 0439-4216 |
| 856 41 - ELECTRONIC LOCATION AND ACCESS | |
| Uniform Resource Identifier | <a href="https://shs.cairn.info/revue-l-homme-2003-3-page-319zc?lang=fr&redirect-ssocas=7080">https://shs.cairn.info/revue-l-homme-2003-3-page-319zc?lang=fr&redirect-ssocas=7080</a> |
Pas d'exemplaire disponible.




Réseaux sociaux